The three-year tumble : based on a Korean folktale /

"Based on the traditional Korean folktale "Samnyeongogae" ("Three-Year Mountain Pass"), this picture book parable by Korean-German artist Dayeon Auh features a fateful mountain, a superstitious grandfather, and a granddaughter with a clever perspective on life. Legend says t...

Full description

Bibliographic Details
Main Author: Auh, Dayeon (Author, Illustrator)
Other Authors: Mohr, Tim (Translator)
Format: Book
Language:English
Language Notes:In English, translated from the German.
Published: New York : NorthSouth Books, [2025]
Edition:English edition.
Subjects:

MARC

Tag First Indicator Second Indicator Subfields
LEADER 00000cam a2200000 i 4500
001 in00005779782
003 OCoLC
005 20260107084613.6
008 250214t20252025nyua j 000 1 eng d
024 8 |a 40033001740 
040 |a CHILD  |b eng  |e rda  |c CHILD  |d OCLCO  |d JBI  |d OCLCO  |d GO3  |d UAP  |d UIU  |d ILC  |d OCO  |d OCLCO  |d TOH  |d YDX  |d BDX  |d VAX  |d RB0  |d EHH  |d TJC  |d GZF  |d OCLCO 
019 |a 1438666081  |a 1493066742 
020 |a 9780735845749  |q (hardcover) 
020 |a 0735845743  |q (hardcover) 
035 |a (OCoLC)1499525384  |z (OCoLC)1438666081  |z (OCoLC)1493066742 
041 1 |a eng  |h ger 
050 4 |a PZ8.1.A856  |b Thr 2025 
082 0 4 |a 398.209519  |2 23 
082 1 4 |a [E]  |2 23 
100 1 |a Auh, Dayeon,  |e author,  |e illustrator. 
240 1 0 |a Berg, ein sturtz, ein langes leben.  |l English 
245 1 4 |a The three-year tumble :  |b based on a Korean folktale /  |c Dayeon Auh ; translated by Tim Mohr. 
246 3 |a 3-year tumble 
250 |a English edition. 
264 1 |a New York :  |b NorthSouth Books,  |c [2025] 
264 4 |c ©2025 
300 |a 1 volume (unpaged) :  |b color illustrations ;  |c 29 cm 
336 |a text  |b txt  |2 rdacontent 
336 |a still image  |b sti  |2 rdacontent 
337 |a unmediated  |b n  |2 rdamedia 
338 |a volume  |b nc  |2 rdacarrier 
500 |a First published in Switzerland in 2024 by NordS|d Verlag AG under the title "Ein Berg. Eing Sturtz. Ein langes leben." 
520 |a "Based on the traditional Korean folktale "Samnyeongogae" ("Three-Year Mountain Pass"), this picture book parable by Korean-German artist Dayeon Auh features a fateful mountain, a superstitious grandfather, and a granddaughter with a clever perspective on life. Legend says that anyone who falls down Misfortune Mountain has three years left to live. Grandfather must travel over the treacherous mountain to get to the market, but one day catastrophe happens and he tumbles down! The doctor says he is perfectly healthy, but Grandfather feels the end is near . . . until his granddaughter comes to visit and makes a different calculation about his fate. From then on, the legend of the mountain takes on a new meaning and everyone finds themselves eager to tumble down it. A fable that demonstrates how a change in one's mindset can make a positive impact"-- Provided by publisher. 
521 |a Ages 4-8.  |b NorthSouth Books. 
521 |a Grades K-1.  |b NorthSouth Books. 
546 |a In English, translated from the German. 
586 |a Aesop Prize, 2025 ; USBBY. Outstanding Int'l Books List, 2026 ; CSMCL. Best Books, 2025 ; New York Times Best Illustrated Books for Children, 2025 
650 0 |a Fate and fatalism  |v Juvenile literature. 
650 0 |a Grandfathers  |v Juvenile literature. 
650 0 |a Mountains  |v Juvenile literature. 
650 0 |a Perspective (Philosophy)  |v Juvenile literature. 
650 0 |a Folklore  |z Korea  |v Juvenile literature. 
650 0 |a Folklore  |z Korea (South)  |v Juvenile fiction. 
650 0 |a Grandfathers  |v Juvenile fiction. 
650 0 |a Mountains  |v Juvenile fiction. 
650 6 |a Destin et fatalisme  |0 (CaQQLa)201-0005235  |v Ouvrages pour la jeunesse.  |0 (CaQQLa)201-0377026 
650 6 |a Grands-pères  |0 (CaQQLa)201-0106500  |v Ouvrages pour la jeunesse.  |0 (CaQQLa)201-0377026 
650 6 |a Montagnes  |0 (CaQQLa)201-0002315  |v Ouvrages pour la jeunesse.  |0 (CaQQLa)201-0377026 
650 6 |a Perspective (Philosophie)  |0 (CaQQLa)201-0222101  |v Ouvrages pour la jeunesse.  |0 (CaQQLa)201-0377026 
650 6 |a Folklore  |0 (CaQQLa)201-0043432  |z Corée  |0 (CaQQLa)201-0476623  |v Ouvrages pour la jeunesse.  |0 (CaQQLa)201-0377026 
650 6 |a Folklore  |0 (CaQQLa)201-0043432  |z Corée du Sud  |0 (CaQQLa)201-0476627  |v Romans, nouvelles, etc. pour la jeunesse.  |0 (CaQQLa)201-0376960 
650 6 |a Grands-pères  |0 (CaQQLa)201-0106500  |v Romans, nouvelles, etc. pour la jeunesse.  |0 (CaQQLa)201-0376960 
650 6 |a Montagnes  |0 (CaQQLa)201-0002315  |v Romans, nouvelles, etc. pour la jeunesse.  |0 (CaQQLa)201-0376960 
655 7 |a folk tales.  |2 aat  |0 (CStmoGRI)aatgf300055922 
655 7 |a Picture books.  |2 lcgft 
655 7 |a Folk tales.  |2 lcgft 
655 7 |a Contes.  |2 rvmgf  |0 (CaQQLa)RVMGF-000000302 
700 1 |a Mohr, Tim,  |e translator.  |1 https://id.oclc.org/worldcat/entity/E39PBJcgwHf9tRf8wmBwhmwQv3 
700 1 |i Container of (expression):  |a Auh, Dayeon.  |t Berg. Eing Sturtz. Ein langes leben.  |l English. 
945 |b 712975 
947 |a A14852276121 
980 |b print  |c 40033001740  |g 565712  |k USD  |m 17.96  |q 1  |s AcqMono Conventional  |t Approval plan  |u Vendor order reference number  |v ZYBP  |y Print approval  |z Physical resource 
999 f f |i 740b7256-0a60-47ea-91b5-b861c1da5857  |s 4b2afa11-ea67-4c45-9895-ead918b1e8ae  |t 0 
952 f f |p newbook  |a Texas A&M University  |b College Station  |c Sterling C. Evans Library  |s Evans nbs  |d Evans: New Book Shelves (1st floor)  |t 0  |e PZ8.1.A856 Thr 2025  |h Library of Congress classification  |i unmediated -- volume  |m A14852276121 
998 f f |a PZ8.1.A856 Thr 2025  |t 0  |l Evans: Curriculum Collection (4th floor)